Rappers by Hometown/City - Statistics

General Stats
  • This quiz has been taken 70 times
  • The average score is 14 of 51
Answer Stats
Hint Answer % Correct
Kendrick Lamar Compton/Los Angeles
98%
Eminem Detroit
70%
Kanye West Chicago
67%
Jay-Z Brooklyn/New York City
62%
Tyler, The Creator Hawthorne/Los Angeles
59%
A$AP Rocky Manhattan/New York City
59%
Drake Toronto
56%
Travis Scott Houston, TX
52%
André 3000 Atlanta
51%
Future Atlanta
51%
Chance the Rapper Chicago
51%
Playboi Carti Atlanta
48%
Joey Bada$$ Brooklyn/New York City
48%
Lil Yachty Atlanta
44%
Childish Gambino Stone Mountain, GA
43%
Earl Sweatshirt Los Angeles
41%
A Tribe Called Quest Queens/New York City
41%
Mac Miller Pittsburgh, PA
38%
Common Chicago
34%
Flatbush Zombies Brooklyn, New York City
31%
J. Cole Fayetteville, NC
31%
Kid Cudi Cleveland, OH
30%
Little Simz London
28%
Lil Uzi Vert Philadelphia
26%
Nelly St. Louis, MO
26%
EARTHGANG Atlanta
25%
Paris Texas Los Angeles
25%
JPEGMAFIA Brooklyn/New York City
20%
Pharrell Virginia Beach, VA
20%
Westside Gunn Buffalo, NY
18%
Baby Keem Las Vegas
18%
Vince Staples Long Beach, CA
16%
Three 6 Mafia Memphis, TN
16%
Pusha T Virginia Beach
16%
Frank Ocean New Orleans
15%
Freddie Gibbs Gary, IN
11%
Doechii Tampa, FL
11%
Armani Caesar Buffalo, NY
7%
MF DOOM Long Beach, NY
7%
Trippie Redd Canton, OH
5%
Ski Mask the Slump God Fort Lauderdale, FL
5%
Blackalicious Sacramento, CA
5%
Teezo Touchdown Beaumont, TX
3%
Lil B Berkeley, CA
3%
070 Shake North Bergen, NJ
3%
Genesis Owusu Canberra, AUS
2%
Kevin Abstract Corpus Christi, TX
2%
Denzel Curry Miami Gardens, FL
2%
Jean Dawson Tijuana, Mexico
2%
Teriyaki Boys Yokohama, Japan
2%
Maglera Doe Boy Free State, South Africa
0%
No matching quizzes found
Score Distribution
Percent of People with Each Score
Percentile by Number Answered
Your Score History
You have not taken this quiz